000 01355nam a22003377a 4500
003 CHAP
005 20220329135942.0
008 971013s1974 mx a r 00010 spa d
010 _a44612
011 _a45584
035 _a49723
040 _cCHAP
082 0 0 _a634.81
_bI5 1974
110 0 _aMéxico. INIA. Centro de Investigaciones Agrícolas del Noreste
_977069
245 1 0 _aDía del viticultor (6o.):
_bComarca Lagunera
_c/por México. INIA. Centro de Investigaciones Agrícolas del Noreste
260 _aMatamoros de la Laguna, Coah. :
_bINIA,
_c1974
300 _a140 p. :
_bilus., cuadros, gráfs.
490 _aAvances de investigación
590 _aBATCH-UPD
_b10
_c20130110
_lUCH01
_h1921
590 _aBATCH-UPD
_b10
_c20130410
_lUCH01
_h1247
590 _aBATCH-UPD
_b10
_c20130914
_lUCH01
_h0431
590 _aCONVERSION
_b10
_c20130109
_lUCH01
_h1324
650 1 4 _aComarca Lagunera
_xViticultura.
_925536
830 0 _aAvances de investigación
_98476
901 _aBK
942 _cLIBRO
949 _a634.81 I5 1974
_bBC
_cLIBRO
_d33724000211363
_eLIBRO
_fc.2
_h33069
_i49723
_si
949 _a634.81 I5 1974
_bBC
_cLIBRO
_d33724000211371
_eLIBRO
_h33068
_i49723
_si
949 _a634.81 I5 1974
_bBC
_cLIBRO
_d33724000601258
_eLIBRO
_fc.3
_h33070
_i49723
_si
949 _a634.81 I5 1974
_bBC
_cLIBRO
_d33724002304488
_eLIBRO
_fc.4
_gDonaciØn
_h115508
_i49723
_sb
999 _c44612
_d44612